000 00597nam a2200217Ia 4500
005 20250508165453.0
008 008 250505s9999 xx 000 0 hin d
020 _a81-70-55-133-1
037 _aTextual
040 _aFEDL
_beng
_cFEDL
041 _ahin
_2hin
084 _a211.6, DUB
_qFEDL
100 _aDube Abhay Kumar Ed.
_9404742
245 0 _aBeech bahas mein secularvd
260 _aNew Delhi, India
_bVani Prakashan
_c2005
300 _a401p.
365 _aINR
_b550
490 _aLok- chantan Granthmala
942 _cTEXL
_h211.6, DUB
999 _c1395290
_d1395290